000 00745nam a2200217Ia 4500
999 _c54402
_d54402
003 GCL
005 20240530105246.0
008 140319s9999 xx 000 0 ara d
040 _aGCL /
_cGCL
082 0 4 _a210.4
_bب ك
100 1 _aبن قتيبة، ابى محمد عبد الله
245 1 0 _aكتاب النساء من عيون الاخبار /
_cبن قتيبة، ابى محمد عبد الله
260 _a[S.N] :
_bدار المعارف للطباعة والنشر ،
_c1993
300 _a153 ص
490 _aعيون الاخبار
_v0
650 0 4 _aالاسلام
650 0 4 _aالزواج
650 0 4 _aالاحوال الشخصية للمسلمين
650 0 4 _aالمرأة فى الاسلام
942 _2ddc
_cBK